000 01053nam a2200289 i 4500
001 000016616
003 DO-SdBNP
005 20250205101528.0
007 ta
008 100308s1986 dr a r 000 0 spa d
040 _aDO-SdBNP
_bspa
_cBNPHU
_erda
082 _bD555e
_222
245 0 0 _aDidáctica especial de la matemática /
_cCristina Cruz Fermín [et. al] ; coordinador Anania de León ; ilustración Julio César Martínez.
246 1 4 _aDidáctica especial de la matemática
264 _aSanto Domingo :
_bDirección General de Medios Educativos,
_c1986.
300 _a209 paginas ;
_c24 cm.
336 _2rdacontent
_atexto
_btxt
337 _2rdamedia
_asin mediación
_bn
338 _2rdacarrier
_avolumen
_bnc
590 _aInventariado, 2023 / DG
700 1 _aCruz Fermín, Cristina
_936918
700 1 _aLeón, Anania de,
_ecoor.
_936919
700 1 _aMartínez, Julio César,
_eil.
_91263
710 1 _aRepública Dominicana.
_bSecretaría de Estado de Educación, Bellas Artes y Cultos
_923965
910 _aDG
942 _2ddc
_cLBS1
999 _c16149
_d16149